| 000 | 006490000a22001210004500 | ||
|---|---|---|---|
| 773 | 0 | _tConquista Cristiana | |
| 100 | 1 | _aCunningham, Loren | |
| 245 | 1 | 0 | _aLa muerte de una visión |
| 300 | _aVol.4, núm.4 (1997), Páginas 55-61 | ||
| 500 | _aCondensado de la Revista Vino Nuevo, noviembre/diciembre 1976. Loren Cunningham es el Director Internacional de Juventud Con Una Misión, que cuenta con bases en 32 naciones. | ||
| 520 | _aDespués de la muerte viene la resurrección con poder y autoridad. Captando la visión. La etapa experimental. La realidad del precio. La prueba. La resurrección. El plano ejecutivo y extensivo. | ||
| 942 | _cANA | ||
| 999 |
_c60672 _d60672 |
||